Cinco hombres de Francfort (Record no. 125796)
[ view plain ]
| 000 -LEADER | |
|---|---|
| campo de control de longitud fija | 00758nam a2200229 i 4500 |
| 001 - NÚMERO DE CONTROL | |
| campo de control | 125796 |
| 003 - IDENTIFICADOR DE NÚMERO DE CONTROL | |
| campo de control | ES-MaACL |
| 005 - FECHA Y HORA DE LA ÚLTIMA TRANSACCIÓN | |
| campo de control | 20250808021209.0 |
| 007 - CAMPO FIJO DE DESCRIPCIÓN FÍSICA--INFORMACIÓN GENERAL | |
| campo de control de longitud fija | t| |
| 008 - DATOS DE LONGITUD FIJA--INFORMACIÓN GENERAL | |
| campo de control de longitud fija | 070214s1931 sp r ||||1| spa d |
| 100 1# - ENTRADA PRINCIPAL--NOMBRE DE PERSONA | |
| Nombre de persona | Ravage, Marco Eli. |
| 9 (RLIN) | 95568 |
| 245 10 - MENCIÓN DEL TÍTULO | |
| Título | Cinco hombres de Francfort |
| Resto del título | : (la historia de los Rothschild) / |
| Mención de responsabilidad, etc. | Marco Eli Ravage ; traducción del original inglés por G. Sans Huelin. |
| 250 ## - MENCION DE EDICION | |
| Mención de edición | 1ª. ed. |
| 260 ## - PUBLICACIÓN, DISTRIBUCIÓN, ETC. | |
| Lugar de publicación, distribución, etc. | Madrid : |
| Nombre del editor, distribuidor, etc. | Espasa Calpe, |
| Fecha de publicación, distribución, etc. | 1931. |
| 300 ## - DESCRIPCIÓN FÍSICA | |
| Extensión | 292 p. ; |
| Dimensiones | 22 cm. |
| 490 1# - MENCIÓN DE SERIE | |
| Mención de serie | Vidas extraordinarias ; |
| Designación de volumen o secuencia | 4 |
| 600 34 - PUNTO DE ACCESO ADICIONAL DE MATERIA--NOMBRE DE PERSONA | |
| Nombre de persona | Rothschild (Familia) |
| 9 (RLIN) | 154459 |
| 700 1# - ENTRADA AGREGADA--NOMBRE PERSONAL | |
| Nombre de persona | Sans Huelin, Guillermo. |
| 9 (RLIN) | 103207 |
| 830 00 - PUNTO DE ACCESO ADICIONAL DE SERIE-TÍTULO UNIFORME | |
| Título uniforme | Vidas extraordinarias |
| Designación de volumen o secuencia | 4 |
| 9 (RLIN) | 181377 |
| 852 ## - LOCALIZACIÓN | |
| Ubicación | ES-MaACL |
| Número de control de estantería | C-5506 |
| Estatus retirado | Estado de pérdida | Estado de daño | No para préstamo | Biblioteca de origen | Biblioteca actual | Ubicación en estantería | Fecha de adquisición | Fuente de adquisición | Total de préstamos | Signatura topográfica completa | Código de barras | Visto por última vez | Precio de reemplazo | Tipo de ítem Koha |
|---|---|---|---|---|---|---|---|---|---|---|---|---|---|---|
| Biblioteca del Ateneo de Madrid | Biblioteca del Ateneo de Madrid | Sala Palomar | 17/01/2008 | C-5506 | 1131040 | 23/02/2023 | 23/02/2023 | Libro impreso |
